<?xml version="1.0" encoding="UTF-8"?>
<record
    xmlns:xsi="http://www.w3.org/2001/XMLSchema-instance"
    xsi:schemaLocation="http://www.loc.gov/MARC21/slim http://www.loc.gov/standards/marcxml/schema/MARC21slim.xsd"
    xmlns="http://www.loc.gov/MARC21/slim">

  <leader>02337nam a22003257a 4500</leader>
  <controlfield tag="005">20110913143221.0</controlfield>
  <controlfield tag="008">110913t        xxu||||| |||| 00| 0 eng d</controlfield>
  <datafield tag="010" ind1=" " ind2=" ">
    <subfield code="a">ENG-103670</subfield>
  </datafield>
  <datafield tag="020" ind1=" " ind2=" ">
    <subfield code="a">9788132105893 </subfield>
    <subfield code="c">795.00</subfield>
  </datafield>
  <datafield tag="035" ind1=" " ind2=" ">
    <subfield code="a">EN-87203</subfield>
  </datafield>
  <datafield tag="037" ind1=" " ind2=" ">
    <subfield code="b">DBAD/PUB</subfield>
  </datafield>
  <datafield tag="040" ind1=" " ind2=" ">
    <subfield code="a">DPL</subfield>
    <subfield code="b">Eng</subfield>
  </datafield>
  <datafield tag="082" ind1=" " ind2=" ">
    <subfield code="a">305.56095414</subfield>
  </datafield>
  <datafield tag="245" ind1="0" ind2="0">
    <subfield code="a">Minorities and the state :</subfield>
    <subfield code="b">changing social and political landscape of Bengal /</subfield>
    <subfield code="c">edited by Abhijit Dasgupta, Masahiko Togawa  [and]  Abul Barkat</subfield>
  </datafield>
  <datafield tag="260" ind1=" " ind2=" ">
    <subfield code="a">New Delhi </subfield>
    <subfield code="b">SAGE Publications</subfield>
    <subfield code="c">2011</subfield>
  </datafield>
  <datafield tag="270" ind1=" " ind2=" ">
    <subfield code="a">B1/ I-1 Mohan Cooperative Industrial Area, Mathura Road</subfield>
    <subfield code="b">New Delhi </subfield>
    <subfield code="e">110044</subfield>
  </datafield>
  <datafield tag="300" ind1=" " ind2=" ">
    <subfield code="a">xxii, 214 p. :</subfield>
    <subfield code="b">ill. </subfield>
    <subfield code="c">23cm (Hb)</subfield>
  </datafield>
  <datafield tag="500" ind1=" " ind2=" ">
    <subfield code="a">Includes bibliographical references and index.</subfield>
  </datafield>
  <datafield tag="505" ind1="0" ind2=" ">
    <subfield code="a">The minorities in post-partition West Bengal : the riots of 1950 / Sekhar Bandyopadhyay -- On the margins : Muslims in West Bengal / Abhijit Dasgupta -- "Wrestling with my shadow" : the state and the immigrant Muslims in contemporary West Bengal / Samir Kumar Das -- Partition refugees on borders : assimilation in West Bengal / Tetsuya Nakatani -- Political economy of deprivation of Hindu minority in Bangladesh : living with the vested property act / Abul Barkat -- Role of civil society in combating violence against religious minorities during the post-2001 general elections of Bangladesh / Rangalal Sen -- Hindu minority in Bangladesh : migration, marginalization, and minority politics in Bengal / Masahiko Togawa -- Status of Hindu women : spheres of human rights violation in Bangladesh / Sadeka Halim -- The crises of Hindu minority as depicted in the fictions of contemporary Bangladesh / Abu Dayen.</subfield>
  </datafield>
  <datafield tag="650" ind1=" " ind2="0">
    <subfield code="a">Group identity</subfield>
    <subfield code="z">India</subfield>
    <subfield code="z">Bengal.</subfield>
    <subfield code="9">34710</subfield>
  </datafield>
  <datafield tag="650" ind1=" " ind2="0">
    <subfield code="a">Minorities</subfield>
    <subfield code="x">Civil rights</subfield>
    <subfield code="z">India</subfield>
    <subfield code="z">Bengal.</subfield>
    <subfield code="9">34711</subfield>
  </datafield>
  <datafield tag="650" ind1=" " ind2="0">
    <subfield code="a">Migration, Internal</subfield>
    <subfield code="z">India</subfield>
    <subfield code="z">Bengal.</subfield>
    <subfield code="9">34712</subfield>
  </datafield>
  <datafield tag="651" ind1=" " ind2="0">
    <subfield code="a">Bengal (India)</subfield>
    <subfield code="x">Politics and government.</subfield>
    <subfield code="9">34713</subfield>
  </datafield>
  <datafield tag="700" ind1="1" ind2=" ">
    <subfield code="a">Dasgupta, Abhijit.</subfield>
    <subfield code="9">34714</subfield>
  </datafield>
  <datafield tag="700" ind1="1" ind2=" ">
    <subfield code="a">Togawa, Masahiko.</subfield>
    <subfield code="9">34715</subfield>
  </datafield>
  <datafield tag="700" ind1="1" ind2=" ">
    <subfield code="a">Barkat, Abul.</subfield>
    <subfield code="9">34716</subfield>
  </datafield>
  <datafield tag="942" ind1=" " ind2=" ">
    <subfield code="2">ddc</subfield>
    <subfield code="c">EN</subfield>
    <subfield code="h">305.56095414</subfield>
    <subfield code="m">MIN</subfield>
  </datafield>
  <datafield tag="999" ind1=" " ind2=" ">
    <subfield code="c">56557</subfield>
    <subfield code="d">56557</subfield>
  </datafield>
  <datafield tag="952" ind1=" " ind2=" ">
    <subfield code="0">0</subfield>
    <subfield code="1">0</subfield>
    <subfield code="2">ddc</subfield>
    <subfield code="4">0</subfield>
    <subfield code="7">1</subfield>
    <subfield code="8">NFIC</subfield>
    <subfield code="a">DBAD</subfield>
    <subfield code="b">DBAD</subfield>
    <subfield code="d">2011-09-13</subfield>
    <subfield code="e">DBAD/PUB</subfield>
    <subfield code="g">795.00</subfield>
    <subfield code="l">0</subfield>
    <subfield code="o">305.56095414 MIN</subfield>
    <subfield code="p">EN-87203</subfield>
    <subfield code="r">2011-09-13 00:00:00</subfield>
    <subfield code="t">1</subfield>
    <subfield code="v">795.00</subfield>
    <subfield code="w">2011-09-13</subfield>
    <subfield code="y">EN</subfield>
  </datafield>
</record>
